Optimization methods in finance / (Record no. 3331)
[ view plain ]
| 000 -LEADER | |
|---|---|
| fixed length control field | 01179nac a22002771u 4500 |
| 010 ## - LIBRARY OF CONGRESS CONTROL NUMBER | |
| LC control number | 2007295301 |
| 020 ## - INTERNATIONAL STANDARD BOOK NUMBER | |
| International Standard Book Number | 0521861705 (hbk.) |
| 020 ## - INTERNATIONAL STANDARD BOOK NUMBER | |
| International Standard Book Number | 9780521861700 (hbk.) |
| 035 ## - SYSTEM CONTROL NUMBER | |
| System control number | (OCoLC)ocm71347552 |
| 035 ## - SYSTEM CONTROL NUMBER | |
| System control number | (OCoLC)71347552 |
| 082 04 - DEWEY DECIMAL CLASSIFICATION NUMBER | |
| Classification number | 332.015196 |
| Item number | C8164 |
| 090 ## - LOCALLY ASSIGNED LC-TYPE CALL NUMBER (OCLC); LOCAL CALL NUMBER (OCLC) | |
| -- | 3331 |
| -- | 3331 |
| 100 ## - MAIN ENTRY--PERSONAL NAME | |
| Personal name | Cornuejols, Gerard, |
| 245 10 - TITLE STATEMENT | |
| Title | Optimization methods in finance / |
| Statement of responsibility, etc | Gerard Cornuejols, Reha TuÌ(tuÌ(ncuÌ(. |
| 260 ## - PUBLICATION, DISTRIBUTION, ETC. (IMPRINT) | |
| Place of publication, distribution, etc | Cambridge, UK ; |
| -- | New York : |
| Name of publisher, distributor, etc | Cambridge University Press,2007 |
| Date of publication, distribution, etc | 2007. |
| 300 ## - PHYSICAL DESCRIPTION | |
| Extent | xii, 345 p. ; |
| Dimensions | 26 cm. |
| 440 #0 - | |
| -- | Mathematics, finance, and risk |
| 504 ## - BIBLIOGRAPHY, ETC. NOTE | |
| Bibliography, etc | Includes bibliographical references (p. 338-341) and index. |
| 650 #0 - SUBJECT ADDED ENTRY--TOPICAL TERM | |
| Topical term or geographic name as entry element | Finance |
| General subdivision | Mathematical models. |
| 650 #0 - SUBJECT ADDED ENTRY--TOPICAL TERM | |
| Topical term or geographic name as entry element | Mathematical optimization. |
| 700 1# - ADDED ENTRY--PERSONAL NAME | |
| Personal name | TuÌ(tuÌ(ncuÌ(, Reha. |
| 856 42 - ELECTRONIC LOCATION AND ACCESS | |
| Materials specified | Publisher description |
| Uniform Resource Identifier | <a href="http://www.loc.gov/catdir/enhancements/fy0710/2007295301-d.html">http://www.loc.gov/catdir/enhancements/fy0710/2007295301-d.html</a> |
| 856 42 - ELECTRONIC LOCATION AND ACCESS | |
| Materials specified | Table of contents only |
| Uniform Resource Identifier | <a href="http://www.loc.gov/catdir/enhancements/fy0710/2007295301-t.html">http://www.loc.gov/catdir/enhancements/fy0710/2007295301-t.html</a> |
| 942 ## - ADDED ENTRY ELEMENTS (KOHA) | |
| Item type | Book - Borrowing |
| Call number prefix | 332.015196C8164 |
| Withdrawn status | Item status | Source of classification or shelving scheme | Damaged status | Not for loan | Home library | Current library | Shelving location | Date acquired | Source of acquisition | Total Checkouts | Full call number | Barcode | Date last seen | Koha item type |
|---|---|---|---|---|---|---|---|---|---|---|---|---|---|---|
| Dewey Decimal Classification | Central Library | Central Library | First floor | 03/04/2007 | Purchase | 332.015196 COR | 000030078 | 15/07/2025 | Book - Borrowing |